[Event "Asian Schools-ch U13 12th Blitz"]
[Site "Tehran"]
[Date "2016.07.16"]
[Round "4.2"]
[White "Mehboodi, Shadmehr"]
[Black "Nazari, Arad"]
[Result "0-1"]
[WhiteElo "1668"]
[BlackElo "1952"]
[PlyCount "72"]
[EventDate "2016.07.16"]
[EventType "swiss (blitz)"]
[EventRounds "9"]
[EventCountry "IRI"]
[SourceTitle "EXT 2024"]
[Source "ChessBase"]
[SourceDate "2023.10.10"]
[SourceVersion "1"]
[SourceVersionDate "2023.10.10"]
[SourceQuality "1"]

1. d4 c5 2. d5 e5 3. c4 d6 4. Nc3 Be7 5. Nf3 Bg4 6. e4 Bxf3 7. Qxf3 Bg5 8. Bxg5 Qxg5 9. Be2 Qd8 10. 0-0 Ne7 11. Qg3 0-0 12. f4 exf4 13. Qxf4 Ng6 14. Qf2 Ne5 15. b3 Nbd7 16. Nd1 Nf6 17. Qh4 Ng6 18. Qh3 Nxe4 19. Qd3 Nf6 20. Ne3 Ne5 21. Qc2 Re8 22. Rae1 a6 23. Bd3 Nxd3 24. Qxd3 b5 25. Nf5 Rxe1 26. Rxe1 bxc4 27. bxc4 g6 28. Ne7+ Kg7 29. Nc6 Qd7 30. Re7 Qf5 31. Qxf5 gxf5 32. Rc7 Ne4 33. Rd7 Kf6 34. Nd8 Rb8 35. Rxf7+ Kg6 36. Ra7 Rb1# 0-1

[Event "Asian Schools-ch 12th U13"]
[Site "Tehran"]
[Date "2016.07.12"]
[Round "3.3"]
[White "Thilakarathne, GM Harshana"]
[Black "Mehboodi, Shadmehr"]
[Result "1-0"]
[WhiteElo "1964"]
[BlackElo "1839"]
[PlyCount "83"]
[EventDate "2016.07.11"]
[EventType "swiss"]
[EventRounds "9"]
[EventCountry "IRI"]
[SourceTitle "EXT 2024"]
[Source "ChessBase"]
[SourceDate "2023.10.10"]
[SourceVersion "1"]
[SourceVersionDate "2023.10.10"]
[SourceQuality "1"]

1. e4 e6 2. d4 d5 3. e5 c5 4. c3 Nc6 5. Nf3 Qb6 6. a3 f6 7. Bd3 Bd7 8. 0-0 fxe5 9. Nxe5 Nxe5 10. dxe5 Ne7 11. c4 d4 12. Nd2 Nf5 13. Ne4 Be7 14. Qh5+ g6 15. Qe2 0-0 16. f4 Rf7 17. Bd2 Bc6 18. Rab1 a5 19. Rf3 Raf8 20. b3 Ng7 21. Rf2 Bxe4 22. Qxe4 Ra8 23. Rf3 Raf8 24. Bc2 Qa6 25. Rbf1 Qb6 26. Rh3 Qc7 27. Rxh7 Nf5 28. Rh3 Rg7 29. g4 Nh4 30. Be1 Qd8 31. Kh1 b6 32. a4 Rff7 33. Bd3 Rf8 34. Qc6 Kh8 35. Qxe6 Qa8+ 36. Qd5 Qd8 37. Qxd8 Bxd8 38. Bxh4 Rh7 39. Bf6+ Bxf6 40. Rxh7+ Kxh7 41. exf6 Rxf6 42. f5 1-0